Starting a business in Seoul.
| Format: | Book |
|---|---|
| Published: |
Seoul:
Seoul Global Center,
2011.
|
| Subjects: |
| LEADER | 00421cam a2200145 7i4500 | ||
|---|---|---|---|
| 001 | 0000029390 | ||
| 005 | 20130409090000.0 | ||
| 090 | 0 | 0 | |a KORS 338.7 |b STA |
| 245 | 0 | 0 | |a Starting a business in Seoul. |
| 260 | 0 | 0 | |a Seoul: |b Seoul Global Center, |c 2011. |
| 300 | # | # | |a 64 p. |
| 650 | 0 | 0 | |a Business -- |z South Korea |
| 650 | 0 | 0 | |a Taxation -- |z South Korea |
| 651 | 0 | 0 | |a South Korea |
| 999 | |a 0000031886 |b Book |c Countries |e Business Information Centre | ||